A Textbook of Office Practice and Organization (Record no. 6272)
[ view plain ]
| 005 - DATE AND TIME OF LATEST TRANSACTION | |
|---|---|
| control field | 20250629104815.0 |
| 020 ## - INTERNATIONAL STANDARD BOOK NUMBER | |
| International Standard Book Number | 978-9966-46-295-3 |
| 082 ## - DEWEY DECIMAL CLASSIFICATION NUMBER | |
| Classification number | 651 GIC |
| 100 ## - MAIN ENTRY--PERSONAL NAME | |
| Author name | GICHIRA, R . N . |
| 245 ## - TITLE STATEMENT | |
| Title | A Textbook of Office Practice and Organization |
| 260 ## - PUBLICATION, DISTRIBUTION, ETC. | |
| Place of publication, distribution, etc. | Nairobi, |
| Name of publisher, distributor, etc. | East African Educational, |
| Date of publication, distribution, etc. | 1985, |
| 300 ## - PHYSICAL DESCRIPTION | |
| Extent | ix, 296p.: ill.; |
| Other physical details | index, |
| Dimensions | 21cm. |
| 942 ## - ADDED ENTRY ELEMENTS (KOHA) | |
| Source of classification or shelving scheme | Dewey Decimal Classification |
| Koha item type | Books |
| Date last seen | Total checkouts | Full call number | Barcode | Cost, replacement price | Price effective from | Koha item type | Lost status | Source of classification or shelving scheme | Damaged status | Not for loan | Withdrawn status | Home library | Current library | Shelving location | Date acquired | Source of acquisition | Cost, normal purchase price |
|---|---|---|---|---|---|---|---|---|---|---|---|---|---|---|---|---|---|
| 06/29/2025 | 651 GIC | MZA0002918 | 60000.00 | 06/29/2025 | Books | Dewey Decimal Classification | CBE Mwanza | CBE Mwanza | General Collection | 09/05/2007 | Library Budget | 20000.00 |
